000 01063cam a2200217 4500
001 WB3931-08
008 030814n2003 000 0 eng u
035 _a(Sirsi) u123269
245 _aInvestor confidence rises in commercial property
260 _c2003
490 _aPrimepitch Press Release
_v 8 -15 August 2003 (1)
520 _aThe second quarterly survey of 600 private property investors by Property Week and Primepitch reports that private investors are more likely to invest in commercial property than they were three months ago. The survey results coincide with the launch of their "Propex Professional" website at http://www.primepitch.com/, which provides investors with a screen-based trading platform, including extra third party information such as financial news and comparable data. http://www.primepitch.com/presscentre.html
590 _aWB
650 _aPROPEX PROFESSIONAL
650 _aINVESTORS
650 _aPROPERTY WEEK
650 _aSURVEYS
650 _aINTERNET
690 _aPROPERTY-COMMERCIAL PROPERTY
942 _n0
999 _c73219
_d73219